000 00712nam a2200205Ia 4500
003 OSt
005 20240920143914.0
008 210210b2005 xxu||||| |||| 00| 0 eng d
040 _cAL
041 _aKannada
082 _aK894.309 PRAC
100 _aPRABHAVATI (S V)
_9133203
_dಪ್ರಭಾವತಿ ಎಸ್ ವಿ
245 _aChitta-bhitti : S L Bhairappa kadambarigala vimarshe
_b ಚಿತ್ತ-ಭಿತ್ತಿ: ಎಸ್ ಎಲ್ ಭೈರಪ್ಪನವರ ಕಾದಂಬರಿಗಳ ವಿಮರ್ಶೆ
260 _aBengaluru
_bVasanta Prakashana
_c2005
300 _a264
650 _aBHYRAPPA
_9133204
690 _aKannada Criticism
_9133205
906 _a063151
942 _2ddc
_cBK
999 _c134600
_d134600